Groups of 4 - Statistics

General Stats
  • This quiz has been taken 113 times
  • The average score is 8 of 16
Answer Stats
Hint Answer % Correct
4 Countries starting with the letter V Venezuela
97%
4 Countries starting with the letter V Vatican City
88%
4 Countries starting with the letter V Vietnam
88%
4 Countries starting with the letter V Vanuatu
83%
4 Classical Elements of Nature Earth
74%
4 Classical Elements of Nature Fire
74%
4 Classical Elements of Nature Water
73%
4 Classical Elements of Nature Air
68%
4 Humors of Ancient Medicine Blood
40%
4 Humors of Ancient Medicine Black Bile
38%
4 Humors of Ancient Medicine Yellow Bile
38%
4 Panhellenic Games Olympic Games
28%
4 Humors of Ancient Medicine Phlegm
27%
4 Panhellenic Games Pythian Games
10%
4 Panhellenic Games Nemean Games
7%
4 Panhellenic Games Isthmian Games
6%
No matching quizzes found
Score Distribution
Percent of People with Each Score
Percentile by Number Answered
Your Score History
You have not taken this quiz